25時以降に電車が発車する駅 - Statistics

General Stats
  • This quiz has been taken 155 times
  • The average score is 8 of 34
Answer Stats
会社 時刻 % Correct
JR 明石 25:10
55%
JR 倉賀野 25:08
54%
JR 新町 25:02
52%
JR 舞子 25:05
45%
JR 垂水 25:03
43%
民鉄 野田市 25:09
39%
JR 塩屋 25:00
38%
民鉄 運河 25:03
38%
JR 朝霧 25:08
38%
民鉄 清水公園 25:13
32%
JR 浜松 25:12
28%
民鉄 江戸川台 25:01
27%
民鉄 川越 25:08
27%
民鉄 愛宕 25:11
27%
JR 東船橋 25:00
26%
民鉄 梅郷 25:06
25%
JR 大塚 25:01
23%
民鉄 新河岸 25:05
23%
民鉄 ふじみ野 25:00
22%
民鉄 上福岡 25:03
22%
民鉄 高坂 25:01
15%
民鉄 流山おおたかの森 25:00
14%
民鉄 六実 25:00
14%
民鉄 豊四季 25:02
14%
民鉄 東松山 25:04
14%
民鉄 逆井 25:04
13%
民鉄 新柏 25:00
12%
民鉄 増尾 25:02
12%
民鉄 さがみ野 25:01
11%
民鉄 ゆめが丘 25:01
9%
JR 東姫路 25:02
6%
JR 御着 25:00
2%
民鉄 伊川谷 25:01
2%
民鉄 西神南 25:03
2%
No matching quizzes found
Score Distribution
Percent of People with Each Score
Percentile by Number Answered
Your Score History
You have not taken this quiz